[Event "FICGS no engines 00 email"]
[Site "FICGS email"]
[Date "2018.05.18"]
[Round "1"]
[White "Rodriguez, Juan Antonio"]
[Black "Leurette, Marc Antoine"]
[Result "1/2-1/2"]
[WhiteElo "1575"]
[BlackElo "1234"]
[PlyCount "105"]
[EventDate "2018.??.??"]
[EventType "swiss (corr)"]
[EventRounds "1"]
[SourceTitle "Corr 2022"]
[Source "ChessBase"]
[SourceDate "2021.10.24"]
[SourceVersion "1"]
[SourceVersionDate "2021.10.24"]
[SourceQuality "1"]

1. e4 e5 2. Nf3 Nc6 3. Nc3 Nf6 4. Bc4 Bc5 5. d3 d6 6. Bg5 Bg4 7. 0-0 Nd4 8. Bxf6 Qxf6 9. Nd5 Nxf3+ 10. gxf3 Qxf3 11. Qxf3 Bxf3 12. Nxc7+ Kd7 13. Nxa8 Rxa8 14. Bb3 f6 15. c3 h5 16. Bd1 Bxd1 17. Raxd1 g5 18. d4 exd4 19. cxd4 Bb4 20. e5 Ke6 21. Rc1 dxe5 22. a3 Bd2 23. Rc2 Bf4 24. dxe5 Bxe5 25. Re1 h4 26. h3 b6 27. Rd1 f5 28. f3 f4 29. a4 Kf5 30. b3 a5 31. Rd7 Rb8 32. Rc6 Rf8 33. Kg2 Rf6 34. Rxf6+ Kxf6 35. Kf1 Ke6 36. Rd1 Bc3 37. Ke2 Bb4 38. Kd3 Bc5 39. Ke4 Kf6 40. Rd5 Kg6 41. Re5 Kf6 42. Rf5+ Kg6 43. Ke5 Kh6 44. Kf6 Bd4+ 45. Kf7 Bc3 46. Kg8 Kg6 47. Rf7 Bd4 48. Rd7 Bc5 49. Rg7+ Kf6 50. Rf7+ Kg6 51. Rg7+ Kf6 52. Rf7+ Kg6 53. Rg7+ 1/2-1/2

[Event "LSS No Engine Cup 176 Preliminary 0"]
[Site "LSS email"]
[Date "2018.01.21"]
[Round "?"]
[White "Obrien, Glenn"]
[Black "Rodriguez, Juan Antonio"]
[Result "1-0"]
[WhiteElo "1639"]
[BlackElo "1387"]
[PlyCount "33"]
[EventDate "2018.01.22"]
[EventType "tourn (corr)"]
[EventRounds "6"]
[EventCountry "GER"]
[SourceTitle "Corr 2022"]
[Source "ChessBase"]
[SourceDate "2021.10.24"]
[SourceVersion "1"]
[SourceVersionDate "2021.10.24"]
[SourceQuality "1"]

1. e4 c6 2. d4 d5 3. Nc3 dxe4 4. Nxe4 Bf5 5. Ng3 Bg6 6. h4 h6 7. Nf3 Nd7 8. h5 Bh7 9. Bd3 Bxd3 10. Qxd3 Ngf6 11. Bf4 e6 12. 0-0-0 Nd5 13. Bd2 Bd6 14. Ne4 Bc7 15. g4 Qe7 16. Qb3 0-0-0 17. c4 1-0

[Event "FICGS no engines 00 email"]
[Site "FICGS email"]
[Date "2017.06.23"]
[Round "1"]
[White "Rodriguez, Juan Antonio"]
[Black "Niglio, Biagio"]
[Result "1/2-1/2"]
[WhiteElo "1575"]
[BlackElo "1305"]
[PlyCount "94"]
[EventDate "2017.??.??"]
[EventType "swiss (corr)"]
[EventRounds "1"]
[SourceTitle "Corr 2022"]
[Source "ChessBase"]
[SourceDate "2021.10.24"]
[SourceVersion "1"]
[SourceVersionDate "2021.10.24"]
[SourceQuality "1"]

1. d4 d5 2. Bf4 Nf6 3. Nf3 e6 4. e3 Bd6 5. Bg3 b6 6. Bb5+ c6 7. Bd3 Ba6 8. Qe2 Bxd3 9. Qxd3 Qc7 10. c4 Nbd7 11. Nc3 Bxg3 12. hxg3 h6 13. cxd5 exd5 14. Rc1 Qd6 15. a3 a5 16. 0-0 0-0 17. Rc2 Rac8 18. Rfc1 Rfe8 19. Ne2 c5 20. b3 Rc7 21. Qf5 Rec8 22. Ne5 cxd4 23. Rxc7 Rxc7 24. Rxc7 Qxc7 25. Nxd7 Qxd7 26. Qxd7 Nxd7 27. Nxd4 g6 28. Kf1 Kf8 29. Ke2 Ke7 30. Kd3 Ne5+ 31. Ke2 Kd6 32. f4 Nd7 33. Kd3 Nc5+ 34. Kc3 Ne4+ 35. Kd3 Nxg3 36. Kc3 Ne4+ 37. Kc2 h5 38. Kd3 Kc5 39. Kc2 b5 40. Kd3 Nf2+ 41. Kc3 Ne4+ 42. Kd3 b4 43. a4 Nf2+ 44. Kd2 Ne4+ 45. Kd3 Nf2+ 46. Kd2 Ne4+ 47. Kd3 Nf2+ 1/2-1/2

[Event "LSS No Engine Cup 159 Preliminary 0"]
[Site "LSS email"]
[Date "2016.09.13"]
[Round "?"]
[White "Lenz, Juergen"]
[Black "Rodriguez, Juan Antonio"]
[Result "0-1"]
[WhiteElo "1339"]
[BlackElo "1319"]
[PlyCount "108"]
[EventDate "2016.09.14"]
[EventType "tourn (corr)"]
[EventRounds "6"]
[EventCountry "GER"]
[SourceTitle "Corr 2022"]
[Source "ChessBase"]
[SourceDate "2021.10.24"]
[SourceVersion "1"]
[SourceVersionDate "2021.10.24"]
[SourceQuality "1"]

1. d4 Nf6 2. Nf3 e6 3. Bf4 c5 4. e3 Nc6 5. c3 d5 6. Ne5 a6 7. Bd3 Bd6 8. Bg3 Qb6 9. Qb3 Qc7 10. f4 c4 11. Bxc4 dxc4 12. Qxc4 0-0 13. Nd2 Bd7 14. Ndf3 b5 15. Qe2 Na5 16. Nd2 Rac8 17. 0-0 Bc6 18. b4 Nb7 19. Nb3 Bd5 20. Rac1 Qb6 21. Kh1 Ne4 22. Be1 Qd8 23. Nd3 Be7 24. Nbc5 Qc7 25. Nf2 Bc4 26. Ncd3 Nxf2+ 27. Bxf2 Qc6 28. Rfd1 Qe4 29. Qc2 a5 30. a3 a4 31. Qb1 Bxd3 32. Qxd3 Qc6 33. e4 Rfd8 34. Qe2 Qc4 35. Qb2 Nd6 36. Qb1 Qe2 37. e5 Qxf2 38. exd6 Bxd6 39. Rf1 Qe3 40. Rf3 Qe2 41. Re1 Qc4 42. h4 Be7 43. h5 h6 44. f5 Bf6 45. fxe6 fxe6 46. Qg6 Rf8 47. Rg3 Kh8 48. Qg4 Rce8 49. Rge3 Qc8 50. Rxe6 Rxe6 51. Rxe6 Qxc3 52. d5 Qa1+ 53. Kh2 Be5+ 54. g3 Rf2+ 0-1

[Event "LSS No Engine Cup 159 Preliminary 0"]
[Site "LSS email"]
[Date "2016.09.13"]
[Round "?"]
[White "Rodriguez, Juan Antonio"]
[Black "Koeberl, Hans"]
[Result "1-0"]
[WhiteElo "1319"]
[BlackElo "1600"]
[PlyCount "43"]
[EventDate "2016.09.14"]
[EventType "tourn (corr)"]
[EventRounds "6"]
[EventCountry "GER"]
[SourceTitle "Corr 2022"]
[Source "ChessBase"]
[SourceDate "2021.10.24"]
[SourceVersion "1"]
[SourceVersionDate "2021.10.24"]
[SourceQuality "1"]

1. c4 g6 2. Nc3 c5 3. g3 Bg7 4. Bg2 Nc6 5. e3 Bxc3 6. bxc3 b6 7. Nf3 Bb7 8. 0-0 d5 9. cxd5 Na5 10. e4 Nf6 11. Re1 0-0 12. d3 Qd7 13. Bb2 c4 14. Ne5 Qc7 15. d4 Ne8 16. Bc1 Ng7 17. Bf4 Qc8 18. Qa4 Rd8 19. Rab1 f6 20. Nf3 g5 21. Bc1 Kf7 22. Ba3 1-0

[Event "LSS No Engine Cup 159 Preliminary 0"]
[Site "LSS email"]
[Date "2016.09.13"]
[Round "?"]
[White "Rodriguez, Juan Antonio"]
[Black "Sofia, Gerardo"]
[Result "0-1"]
[WhiteElo "1319"]
[BlackElo "1979"]
[PlyCount "32"]
[EventDate "2016.09.14"]
[EventType "tourn (corr)"]
[EventRounds "6"]
[EventCountry "GER"]
[SourceTitle "Corr 2022"]
[Source "ChessBase"]
[SourceDate "2021.10.24"]
[SourceVersion "1"]
[SourceVersionDate "2021.10.24"]
[SourceQuality "1"]

1. d4 Nf6 2. Bf4 g6 3. e3 Bg7 4. Nf3 0-0 5. Nbd2 d6 6. Be2 Nh5 7. Bg3 c5 8. c3 Nxg3 9. hxg3 cxd4 10. exd4 Nd7 11. Qc2 Nf6 12. 0-0-0 a5 13. Ng5 a4 14. a3 Qa5 15. Nde4 Nxe4 16. Qxe4 Qxg5+ 0-1

[Event "LSS No Engine Cup 156 Preliminary 0"]
[Site "LSS email"]
[Date "2016.07.22"]
[Round "?"]
[White "Gumentchuk, Leksandr"]
[Black "Rodriguez, Juan Antonio"]
[Result "1-0"]
[WhiteElo "1600"]
[BlackElo "1317"]
[PlyCount "29"]
[EventDate "2016.07.23"]
[EventType "tourn (corr)"]
[EventRounds "6"]
[EventCountry "GER"]
[SourceTitle "Corr 2022"]
[Source "ChessBase"]
[SourceDate "2021.10.24"]
[SourceVersion "1"]
[SourceVersionDate "2021.10.24"]
[SourceQuality "1"]

1. e4 c6 2. d4 d5 3. e5 Bf5 4. Nf3 e6 5. a3 c5 6. Bd3 Bxd3 7. cxd3 Nc6 8. dxc5 Bxc5 9. Nc3 a6 10. b4 Ba7 11. 0-0 Nge7 12. b5 Nd4 13. bxa6 bxa6 14. Nxd4 Bxd4 15. Qa4+ 1-0